LEADER 01612nam a2200325 u 4500 001 000000023947 003 CaOOAMICUS 005 20070226111309.0 008 950609s1972 be u000 u lat u 035 $a10604777 040 $aPUL(R)$bita 041 0 $alat$afre 100 0 $aSigerus de Brabantia,$dm. 1283/4.$0(OLS)http://pul/name/14057 245 10$aQuestiones in tertium de anima ; :$bDe anima intellectiva ; De aeternitate mundi : édition critique /$cSiger de Brabant ; [a cura di] Bernardo Bazán. 260 $aLouvain :$bPublication universitaires ;$aParis :$bBeatrice-Nauwelaerts,$c1972. 300 $a80, 151 p. ;$c26 cm 490 1 $aPhilosophes médiévaux ;$v13 500 $aComprende indici. 504 $a"Table bibliographique": p. [143]-147. 700 1 $aBazán, Bernardo C.$0(OLS)http://pul/name/3696 830 0$aPhilosophes médiévaux ;$v13.$0(OLS)http://pul/title/165 850 $aPUL 852 $aPUL$W1$xSL Filosofia 2$y80$mPhil A3 13$j33547$nBK-PRI$b $qStampati altre collocazioni$B33547$CPULBib$Z2$F33547 $H $81 852 $aPUL$W1$xDP1 Fondo Seidl$y56$m2 A 11$j33548$nBK-PRI$b $qFondi$B33548$CPULBib$Z2$F33548 $H $81 941 1 $a10 941 1 $a1 961 $aINV: 47813 996 $6245$aQuestiones in tertium de anima ; :$bDe anima intellectiva ; De aeternitate mundi : édition critique$9(OLS)http://pul/title/33237 996 $6260$aLouvain :$bPublication universitaires$9(OLS)http://pul/publisher/58233 996 $6260$aParis :$bBeatrice-Nauwelaerts$9(OLS)http://pul/publisher/58234 LEADER 01215nam a2200265 u 4500 001 000000062017 003 CaOOAMICUS 005 20070226121104.0 008 010918s1936 it u000 u ita u 035 $a10903422 040 $aPUL(R)$bita 100 1 $aModugno, Giovanni,$d1880-1957.$0(OLS)http://pul/name/5454 245 10$aReligione e vita :$bper l'educazione religiosa e morale dei fanciulli e degli adolescenti /$cGiovanni Modugno. 260 $aBrescia :$bLa Scuola,$c1936. 300 $a276 p. ;$c19 cm 490 1 $aBiblioteca del maestro italiano.$aSerie I, Pedagogia e didattica 504 $aBibliografia in nota. 650 4$aEducazione religiosa.$0(OLS)http://pul/subject/10758 830 0$aBiblioteca del maestro italiano.$nSerie I,$pPedagogia e didattica.$0(OLS)http://pul/title/82776 850 $aPUL 852 $aPUL$W1$xSL Religione 1$y3$m40 L 17$j80712$nBK-PRI$b $qStampati$B80712$CPULBib$Z2$F80712 $H $81 941 1 $a8 961 $aINV: 49421 996 $6245$aReligione e vita :$bper l'educazione religiosa e morale dei fanciulli e degli adolescenti$9(OLS)http://pul/title/82775 996 $6260$aBrescia :$bLa Scuola$9(OLS)http://pul/publisher/48404